000 01147nam a22003737a 4500
001 0042459
003 KOHA_MİRAKIL
005 20260207003314.0
007 ta
008 130730b2005 tu a|||gr||||#||||0|tur |
020 _a9750809602
040 _aTR-BiSEU
_btur
_cTR-BiSEU
_erda
041 0 _atur
044 _ctu
050 _aDS156
_b.O94 2005
100 1 _aÖzgüç, Tahsin.
245 1 _aKültepe :
_bKanis/Nesa/
_cTahsin Özgüç ; Tahsın Özgüç.
264 1 _aİstanbul :
_bYapı Kredi Yayınları
_c2005
300 _aXII, 279 sayfa :
_bresimli ;
_c32 cm.
336 _ametin
_btxt
_2rdacontent
337 _aaracısız
_bn
_2rdamedia
338 _acilt
_bnc
_2rdacarrier
490 1 _aYapı kredi Yayınları ;
_v2210.
490 1 _aSanat ;
_v122.
650 0 _aHittites.
_920768
650 0 _aTurkey--Antiquities.
_914452
650 0 _aKultepe (Turkey)--Antiquities.
_920776
650 0 _aHititler.
_920777
650 0 _aTürkiye--İlkçağ.
_920778
650 0 _aKültepe (Türkiye)--İlkçağ.
_920779
830 1 _aYapı kredi Yayınları ;
_v2210.
_978981
830 1 _aSanat ;
_v122.
_922397
942 _2lcc
_cBK
999 _c42292
_d42292